000 00739nam0a22002411 4500
001 RU\INFOCOMM_318\NLR\5000069568
005 20250613102315.0
035 _a(NLR Aleph) 009438551
090 _a8329674
_c8329674
100 _a20121123d1947 |||y0rusy50 ca
101 0 _ager
102 _aRU
_aCH
105 _ay z |||||
200 1 _aZur schweizerischen Malerei der Gegenwart
210 _aErlenbach
_aZürich
_cE. Rentsch
_dˆCop.‰1947
215 _a182 с., 25 л. ил.
_cил.
_d22 см
606 _aЖивопись, швейцарская
_z19-20 в.
_2nlr_sh1
700 1 _aJedlicka
_bG.
_f1899-
_gGotthard
801 1 _aRU
_bNLR
_c20121123
801 0 _aRU
_bINFOCOMM
_gPSBO
852 _aNLR
_jИс31 Г-5/57
942 _cBOOK
980 _aNB